[Event "Stuttgart-chB int"]
[Site "Gerlingen"]
[Date "2007.05.19"]
[Round "6"]
[White "Liebscher, Joerg"]
[Black "Parvin, Shahram"]
[Result "0-1"]
[WhiteElo "1539"]
[BlackElo "1361"]
[PlyCount "80"]
[EventDate "2007.05.17"]
[EventType "swiss"]
[EventRounds "7"]
[EventCountry "GER"]
[SourceTitle "EXT 2018"]
[Source "ChessBase"]
[SourceDate "2017.10.13"]
[SourceVersion "1"]
[SourceVersionDate "2017.10.13"]
[SourceQuality "1"]

1. e4 e6 2. d4 c5 3. Nf3 cxd4 4. Nxd4 Nc6 5. Be3 Nf6 6. f3 d5 7. Bb5 Bd7 8. Bxc6 Bxc6 9. Nxc6 bxc6 10. Bg5 Be7 11. 0-0 Qb6+ 12. Kh1 Qxb2 13. Nd2 Qd4 14. f4 Qc5 15. e5 Ne4 16. Nxe4 dxe4 17. Bxe7 Qxe7 18. Re1 Qb4 19. Qe2 Rd8 20. Qxe4 Qxe4 21. Rxe4 Rd2 22. Rc4 Kd7 23. Ra4 Ra8 24. Rc1 a5 25. Kg1 c5 26. Ra3 Kc6 27. Kf1 c4 28. Rg3 g6 29. Ke1 Rd4 30. Rf3 Kc5 31. a3 Rad8 32. g3 Rd2 33. h4 Rh2 34. Rf2 Rh1+ 35. Rf1 Rh3 36. Rg1 Rd4 37. c3 Rd3 38. Kf2 Rh2+ 39. Kf1 Ra2 40. Rg2 Rxa3 0-1

[Event "Stuttgart-chB int"]
[Site "Gerlingen"]
[Date "2007.05.17"]
[Round "2"]
[White "Marquardt, Patrick"]
[Black "Liebscher, Joerg"]
[Result "1-0"]
[WhiteElo "1757"]
[BlackElo "1539"]
[PlyCount "81"]
[EventDate "2007.05.17"]
[EventType "swiss"]
[EventRounds "7"]
[EventCountry "GER"]
[SourceTitle "EXT 2018"]
[Source "ChessBase"]
[SourceDate "2017.10.13"]
[SourceVersion "1"]
[SourceVersionDate "2017.10.13"]
[SourceQuality "1"]

1. e4 c5 2. Nf3 d6 3. d4 cxd4 4. Nxd4 Nf6 5. Nc3 a6 6. Be2 b5 7. a3 Bb7 8. f3 e6 9. 0-0 Be7 10. Kh1 0-0 11. Be3 Nbd7 12. Qe1 d5 13. exd5 Nxd5 14. Nxd5 Bxd5 15. Rd1 Bc5 16. Qf2 Qf6 17. Rd2 Rfd8 18. Rfd1 Ne5 19. Qg3 Bc4 20. Bg5 Qg6 21. Bxd8 Qxg3 22. hxg3 Rxd8 23. Nb3 Rxd2 24. Rxd2 Be7 25. Na5 Bd5 26. f4 Nc6 27. Nxc6 Bxc6 28. Bf3 Be8 29. Kg1 f5 30. g4 Bg6 31. Rd7 Kf7 32. g5 Ke8 33. Bc6 Kf8 34. Kf1 h6 35. Ra7 hxg5 36. Ra8+ Kf7 37. Be8+ Kf6 38. fxg5+ Kxg5 39. Bxg6 Kxg6 40. Rxa6 Kf6 41. Rb6 1-0

[Event "Stuttgart-chB int"]
[Site "Ditzingen"]
[Date "2006.05.27"]
[Round "6"]
[White "Liebscher, Joerg"]
[Black "Huppertz, Anton"]
[Result "1/2-1/2"]
[WhiteElo "1473"]
[BlackElo "1322"]
[PlyCount "71"]
[EventDate "2006.05.25"]
[EventType "swiss"]
[EventRounds "7"]
[EventCountry "GER"]
[SourceTitle "EXT 2018"]
[Source "ChessBase"]
[SourceDate "2017.10.13"]
[SourceVersion "1"]
[SourceVersionDate "2017.10.13"]
[SourceQuality "1"]

1. e4 c5 2. Nc3 d6 3. d3 Nf6 4. g3 Nc6 5. Bg2 e5 6. f4 Bg4 7. Nge2 Nd4 8. h3 Bxe2 9. Nxe2 Nxe2 10. Qxe2 Be7 11. 0-0 Rc8 12. f5 b5 13. b3 0-0 14. g4 h6 15. Be3 d5 16. Rfd1 d4 17. Bd2 Nh7 18. c3 Bg5 19. Bxg5 Qxg5 20. c4 b4 21. a3 a5 22. axb4 axb4 23. Ra5 Rc7 24. Qa2 Qe3+ 25. Kh1 Ng5 26. Qd2 Qxd2 27. Rxd2 f6 28. Rda2 Rfc8 29. Ra8 Rxa8 30. Rxa8+ Kf7 31. h4 Nh7 32. Kh2 Nf8 33. Kg3 Ke7 34. h5 Nh7 35. Rg8 Kf7 36. Ra8 1/2-1/2

[Event "Ditzingen op-B"]
[Site "Ditzingen"]
[Date "2006.05.25"]
[Round "1.2"]
[White "Liebscher, Joerg"]
[Black "Reinhardt, Klaus"]
[Result "0-1"]
[WhiteElo "1473"]
[BlackElo "1891"]
[PlyCount "74"]
[EventDate "2006.05.25"]
[EventType "swiss"]
[EventRounds "7"]
[EventCountry "GER"]
[SourceTitle "CBM 112 Extra"]
[Source "ChessBase"]
[SourceDate "2006.07.14"]
[SourceVersion "1"]
[SourceVersionDate "2006.07.14"]
[SourceQuality "1"]

1. e4 c5 2. Nc3 d6 3. d3 Nc6 4. g3 g6 5. Bg2 Bg7 6. f4 Nf6 7. h3 a6 8. Nf3 e6 9. 0-0 0-0 10. g4 Qc7 11. Ne2 d5 12. e5 Nd7 13. c3 f6 14. d4 fxe5 15. fxe5 cxd4 16. cxd4 Nb6 17. b3 a5 18. Qc2 Rf7 19. a3 Nxe5 20. Qxc7 Nxf3+ 21. Rxf3 Rxc7 22. Bg5 a4 23. b4 Nc4 24. Raf1 Nxa3 25. Rxa3 Rc4 26. b5 Bd7 27. b6 Rb4 28. Be7 Rxb6 29. Bc5 Rb2 30. Bf3 b5 31. Raa1 b4 32. Rfb1 a3 33. Nc1 Rb8 34. Nd3 Rxb1+ 35. Rxb1 a2 36. Ra1 b3 37. Nb2 Rc8 0-1